LEADER 00823nam0-22002891i-450- 001 990006782580403321 005 20001010 035 $a000678258 035 $aFED01000678258 035 $a(Aleph)000678258FED01 035 $a000678258 100 $a20001010d--------km-y0itay50------ba 101 0 $aita 105 $ay-------001yy 200 1 $a<>dictionary of literary devices$fBernard Dupriez$gtranslated and adapted by Albert W. Halsall 210 $aNew York$cHarvester Wheatsheaf$d1991. 215 $aXX, 546 p.$d22 cm 676 $a803 700 1$aDupriez,$bBernard$0251457 801 0$aIT$bUNINA$gRICA$2UNIMARC 901 $aBK 912 $a990006782580403321 952 $aXV IB 322$b21649$fFSPBC 959 $aFSPBC 996 $aDictionary of literary devices$9634889 997 $aUNINA DB $aGEN01 LEADER 00892nam0-22002891i-450- 001 990006583610403321 005 20001010 035 $a000658361 035 $aFED01000658361 035 $a(Aleph)000658361FED01 035 $a000658361 100 $a20001010d--------km-y0itay50------ba 101 0 $aita 105 $ay-------001yy 200 1 $a<>istituti del diritto privato e la loro funzione giuridica$eun contributo allacritica del diritto civile$fdi KarlRenner 210 $aBologna$cIl Mulino$d1981 215 $a247 p., 21 cm 225 1 $aCollezione di testi e di studi$iDiritto 700 1$aRenner,$bKarl$0143608 801 0$aIT$bUNINA$gRICA$2UNIMARC 901 $aBK 912 $a990006583610403321 952 $aXII A 784$b2870$fFSPBC 959 $aFSPBC 996 $aIstituti del diritto privato e la loro funzione giuridica$9576509 997 $aUNINA DB $aGEN01 LEADER 00870nam--2200313---450 001 990001602290203316 005 20201211095036.0 035 $a000160229 035 $aUSA01000160229 035 $a(ALEPH)000160229USA01 035 $a000160229 100 $a20040426d1954----km-y0itay0103----ba 101 0 $aita 102 $aIT 105 $a||||||||001yy 200 1 $a<> pensiero politico degli autori del "Federalist"$fAldo Garosci 210 $aMilano$cEdizioni di Comunità$d1954 215 $aX, 438 p.$d23 cm 410 0$12001 454 1$12001 461 1$1001-------$12001 700 1$aGAROSCI,$bAldo$0136889 801 0$aIT$bsalbc$gISBD 912 $a990001602290203316 951 $aX.2.B. 756 (III E 621)$b5685 L.M.$cIII E 959 $aBK 969 $aUMA 996 $aPensiero politico degli autori del "Federalist"$9686850 997 $aUNISA